| 000 | 00496nam a2200145Ia 4500 | ||
|---|---|---|---|
| 008 | 100122s9999 xx 000 0 und d | ||
| 082 |
_b10517 _aNill |
||
| 100 | _aअग्निहोत्री अ शं | ||
| 245 | _aजार्ज वाशिंग्टन | ||
| 260 |
_bमॅजेस्टिक बुक स्टॉल _c1960 |
||
| 300 | _a244 | ||
| 630 | _aजार्ज वाशिंग्टन | ||
| 730 | _aजार्ज वाशिंग्टन | ||
| 942 | _cBOOK | ||
| 999 |
_c402142 _d402139 |
||